De la Carta Magna a la Constitución Norteamericana: ideas fundamentales sobre Constitucionalismo
Wedi'i Gadw mewn:
| Prif Awdur: | |
|---|---|
| Fformat: | Llyfr |
| Iaith: | Sbaeneg |
| Cyhoeddwyd: |
Buenos Aires
TEA
1972
|
| Rhifyn: | 1a. ed |
| Pynciau: | |
| Tagiau: |
Ychwanegu Tag
Dim Tagiau, Byddwch y cyntaf i dagio'r cofnod hwn!
|
MARC
| LEADER | 00000cam a2200000 a 4500 | ||
|---|---|---|---|
| 001 | UCD2913 | ||
| 003 | CL-VaPUC | ||
| 008 | 160520e19720000ag |||||||||||||||||spa|d | ||
| 082 | 0 | 4 | |a 342.073 |b SUT |2 21 |
| 100 | 0 | |a Sutherland, Arthur A |e author |9 586315 | |
| 245 | 1 | 0 | |a De la Carta Magna a la Constitución Norteamericana: ideas fundamentales sobre Constitucionalismo |
| 250 | |a 1a. ed | ||
| 300 | |a 670 p | ||
| 942 | |c BK | ||
| 945 | |d 20160520 11:34:00 |a dcastane | ||
| 260 | |a Buenos Aires |b TEA |c 1972 | ||
| 650 | 0 | |a Constitucionalismo |9 341373 | |
| 650 | 0 | |a Historia de Estados Unidos |9 354186 | |
| 650 | 0 | |a Historia constitucional |9 256052 | |
| 583 | |a last modification |c 20160520 11:34:00 |k Rodrigo Vera | ||
| 999 | |c 364022 |d 364020 | ||
| 952 | |0 0 |1 0 |3 erd |4 0 |6 342_073000000000000_SUT_1972 |7 0 |8 A |9 476931 |a FDOHBE |b FDOHBE |e Huesbe Llanos, Marco Antonio, 1934- |i 5304857 |o 342.073 SUT 1972 |p 5304857 |r 2024-01-30 |w 2019-11-24 |y BK |z Catalogado en:20160520 |k HBE | ||
| 952 | |0 0 |1 0 |3 erd |4 0 |6 342_073000000000000_SUT_1972 |7 0 |8 A |9 476932 |a BIBHIS |b BIBHIS |i 5476445 |o 342.073 SUT 1972 |p 5476445 |r 2025-01-20 |w 2019-11-24 |y BK |z Catalogado en:20180622 |k HIS | ||